书目信息

书名: 中华人民共和国草原法 
作者:
出版信息: 北京   中国法制出版社  2002.12
开本页数: 19cm  21页
丛书名:
单 册:
中图分类: D
科图分类:
主题词: 政治
电子资源:
ISBN: 7-80083-301-1
000 00481nam0 2200181 450
001 0636853359
005 20060321101428.87
010    @a7-80083-301-1@dCNY2.50
100    @a20060321d2002 km y0chiy0120 ea
101 @achi
102    @aCN@b110000
200 @a中华人民共和国草原法@Azhong hua ren min gong he guo cao yuan fa
210    @a北京@c中国法制出版社@d2002.12
215    @a21页@d19cm
606 @a政治
690    @aD@v4
801  0 @aCN@bNISOFT@c20060321
905    @a10447@dD@e1232
    
    中华人民共和国草原法.-北京:中国法制出版社,2002.12
    21页;19cm
    
    
    ISBN 7-80083-301-1:CNY2.50
    
相关链接 在五车中查询图书 在当当中查询图书 在豆瓣中查询图书


正题名:中华人民共和国草原法     索取号:D/1232         预约/预借

序号 登录号 条形码 馆藏地/架位号 状态 备注
1 129062   201290628   海科密-1楼/5架6列2层/ [索取号:D/1232] 在馆